[Event "X Torneo Banco di Roma B"]
[Site "Roma ITA"]
[Date "1986.02.??"]
[Round "9"]
[White "Rigo, Janos"]
[Black "Teschner, Rudolf"]
[WhiteElo "2380"]
[BlackElo "2330"]
[Result "1-0"]
[PlyCount "73"]
[EventDate "1986.02.15"]

1. e4 e5 2. Nf3 Nc6 3. Bb5 a6 4. Ba4 Nf6 5. O-O Be7 6. Re1 b5 7. Bb3 d6 8. c3
O-O 9. h3 Na5 10. Bc2 c5 11. d4 cxd4 12. cxd4 Bb7 13. Nbd2 Rc8 14. Nf1 Nc6 15.
d5 Nb4 16. Bb1 a5 17. Ng3 g6 18. Bh6 Re8 19. Qe2 Qd7 20. a3 Na6 21. Bd3 Nc7 22.
Qd2 a4 23. Nf5 Bf8 24. Bxf8 Rxf8 25. Rac1 Nh5 26. Qg5 f6 27. Qg4 Kh8 28. g3
gxf5 29. Qxh5 fxe4 30. Rxe4 Bxd5 31. Rh4 Bg8 32. Bf5 Ne6 33. Rd1 Rc7 34. Nh2
Qe7 35. Ng4 Ng7 36. Qxh7+ Bxh7 37. Rxh7+ 1-0

[Event "X Torneo Banco di Roma B"]
[Site "Roma ITA"]
[Date "1986.02.??"]
[Round "9"]
[White "Sibilio, Mario"]
[Black "D'Amore, Carlo"]
[WhiteElo "2305"]
[BlackElo "2340"]
[Result "1/2-1/2"]
[PlyCount "30"]
[EventDate "1986.02.15"]

1. d4 d5 2. c4 c6 3. Nc3 Nf6 4. Bg5 Nbd7 5. cxd5 cxd5 6. e3 e6 7. Bxf6 Nxf6 8.
Bd3 Bd6 9. Nf3 O-O 10. O-O a6 11. a4 b6 12. Ne5 Bxe5 13. dxe5 Nd7 14. f4 f6 15.
Qh5 f5 1/2-1/2

[Event "X Torneo Banco di Roma B"]
[Site "Roma ITA"]
[Date "1986.02.??"]
[Round "9"]
[White "Trepp, Markus"]
[Black "Vallifuoco, Giacomo"]
[WhiteElo "2390"]
[BlackElo "2355"]
[Result "0-1"]
[PlyCount "72"]
[EventDate "1986.02.15"]

1. e4 c5 2. Nf3 e6 3. d4 cxd4 4. Nxd4 Nf6 5. Nc3 d6 6. g3 Nc6 7. Bg2 Bd7 8. O-O
Be7 9. Ndb5 Qb8 10. Bg5 a6 11. Bxf6 gxf6 12. Nd4 h5 13. h3 b5 14. Nce2 Qb6 15.
c3 h4 16. g4 Rc8 17. Nf4 Nxd4 18. cxd4 Rc4 19. d5 e5 20. Nh5 Rg8 21. Qd2 Rg6
22. Rac1 Rd4 23. Qe3 Bd8 24. Rc2 Ra4 25. Qc1 Rxa2 26. Kh1 b4 27. f4 a5 28. g5
fxg5 29. fxg5 Bxg5 30. Qb1 b3 31. Rcf2 f6 32. Nxf6+ Bxf6 33. Qd1 Kd8 34. Qh5
Rxg2 35. Rxg2 Qe3 36. Rxf6 Ra1+ 0-1